00388 a2200097 4500001001000000005001700010008004100027245010700068100001900175773009600194ART_2404720260410161933.0260409a 10aEscalas de equivalencia y cambios en el nivel de bienestar de los hogares de la Ciudad de Buenos Aires1 aBerges, Miriam0 tRevista de Economía Política de Buenos Airesg- Año 5, Nº 9/10 (nov. 2011)wREV23982